000 00918cam a2200265 a 4500
008
020 _a9781856176040 (pbk.)
049 _aMAIN
090 _aNA2185
_bSHA
100 1 _aShariff, Yasmin.
245 1 0 _aTowards a new architect :
_bthe guide for architecture students /
_cYasmin Shariff and Jane Tankard.
260 _aAmsterdam :
_bFocal Press/Elsevier,
_c2010.
300 _av, 120 p. :
_bill. ;
_c25 cm.
504 _aIncludes bibliographical references.
500 _aIncludes index.
650 0 _aArchitecture
_xStudy and teaching (Internship)
_zGreat Britain.
650 0 _aArchitects
_xIn-service training
_zGreat Britain.
650 0 _aArchitecture
_xVocational guidance
_zGreat Britain.
700 1 _aTankard, Jane.
907 _a.b10317193
_b07-05-13
_c03-09-12
003
005 20230123125443.0
040 _cNUST
942 _cBOOKS
_kNA2185
_mSHA
999 _c141777
_d141777